<?xml version="1.0" encoding="UTF-8"?>
<record
    xmlns:xsi="http://www.w3.org/2001/XMLSchema-instance"
    xsi:schemaLocation="http://www.loc.gov/MARC21/slim http://www.loc.gov/standards/marcxml/schema/MARC21slim.xsd"
    xmlns="http://www.loc.gov/MARC21/slim">

  <leader>00987cam a22002651  4500</leader>
  <controlfield tag="001">sa 67000023 </controlfield>
  <controlfield tag="003">DLC</controlfield>
  <controlfield tag="005">20260227112311.0</controlfield>
  <controlfield tag="008">890724q19601967ii ac         000 0 hino </controlfield>
  <datafield tag="010" ind1=" " ind2=" ">
    <subfield code="a">sa 67000023 </subfield>
  </datafield>
  <datafield tag="035" ind1=" " ind2=" ">
    <subfield code="a">(OCoLC)20062842</subfield>
  </datafield>
  <datafield tag="040" ind1=" " ind2=" ">
    <subfield code="a">DLC</subfield>
    <subfield code="c">WaU</subfield>
    <subfield code="d">NRU</subfield>
    <subfield code="d">DLC</subfield>
  </datafield>
  <datafield tag="042" ind1=" " ind2=" ">
    <subfield code="a">premarc</subfield>
  </datafield>
  <datafield tag="043" ind1=" " ind2=" ">
    <subfield code="a">a-ii---</subfield>
  </datafield>
  <datafield tag="050" ind1="0" ind2="0">
    <subfield code="a">PK1931</subfield>
    <subfield code="b">.U8</subfield>
  </datafield>
  <datafield tag="110" ind1="2" ind2=" ">
    <subfield code="a">Utkal Prantiya Rashtrabhasa Prachar Sabha.</subfield>
  </datafield>
  <datafield tag="245" ind1="1" ind2="0">
    <subfield code="a">R&#x101;sh&#x1E6D;rabh&#x101;sh&#x101; rajata-jayant&#x12B; grantha.</subfield>
    <subfield code="c">[Sa&#x1E43;p&#x101;dakaman&#x1E0D;alah Harek&#x1E5B;sh&#x1E47;a Mahat&#x101;ba, &#x100;rttavallabha Mah&#x101;nti tatha Anas&#x16B;y&#x101; Pras&#x101;da P&#x101;&#x1E6D;haka. Par&#x101;mar&#x15B;ad&#x101;t&#x101;-man&#x1E0D;alah Bh&#x101;g&#x12B;rath&#x12B; Mah&#x101;p&#x101;tra tath&#x101; anya]</subfield>
  </datafield>
  <datafield tag="260" ind1=" " ind2=" ">
    <subfield code="a">Ka&#x1E6D;aka, Utkala Pr&#x101;nt&#x12B;ya R&#x101;sh&#x1E6D;rabh&#x101;sh&#x101; Prac&#x101;ra Sabh&#x101;</subfield>
    <subfield code="c">[196-]</subfield>
  </datafield>
  <datafield tag="300" ind1=" " ind2=" ">
    <subfield code="a">24, 589 p.</subfield>
    <subfield code="b">illus., ports.</subfield>
    <subfield code="c">26 cm.</subfield>
  </datafield>
  <datafield tag="500" ind1=" " ind2=" ">
    <subfield code="a">In Hindi.</subfield>
  </datafield>
  <datafield tag="650" ind1=" " ind2="0">
    <subfield code="a">Hindi language</subfield>
    <subfield code="z">India</subfield>
    <subfield code="z">Orissa.</subfield>
  </datafield>
  <datafield tag="700" ind1="1" ind2=" ">
    <subfield code="a">Mahtab, Harekrushna,</subfield>
    <subfield code="d">1900-1987.</subfield>
  </datafield>
  <datafield tag="700" ind1="1" ind2=" ">
    <subfield code="a">Mahanty, Artavallabha.</subfield>
  </datafield>
  <datafield tag="700" ind1="1" ind2=" ">
    <subfield code="a">Pathak, Ansuya Prasad.</subfield>
  </datafield>
  <datafield tag="999" ind1=" " ind2=" ">
    <subfield code="c">71697</subfield>
    <subfield code="d">71697</subfield>
  </datafield>
</record>
